000
00220 a2200097 4500
001
52228
100
_a
Jonge A D E
245
_a
Life & Times of Grigori Rasputin
260
_a
London
_b
Collins
_c
090
_c
32891
_d
32891
942
_a
NUST-CAE
_c
M
_c
25437
999
_c
287301
_d
287301